000 01735nam a2200205Ia 4500
003 Ost
005 20260416102401.0
008 260416s9999||||xx |||||||||||||| ||und||
040 _cfsecg
041 _aara
100 _aناجي، رائد
_eمؤلف
245 0 _aمحاضرات في إدارة الأعمال الدولية :
_bسلسلة محاضرات ألقيت على طلبة السنة الاولى ماستر تخصص إدارة أعمال /
_c رائد ناجي
260 _aالجزائر
_bجامعة الجزائر3: كلية العلوم الإقتصادية، العلوم التجارية وعلوم التسيير
_c2023
300 _a109 ورقة
_bايضاحات
_c12 سم
520 _aمفهوم إدارة الاعمال الدولية،الاستثمار و الشراكة متعددة الجنسية، مفهوم التجارة الدولية و النظريات المفسرة لها، النظريات الحديثة المفسرة للتجارة الدولية، السياسات التجارية المتبعة في التجارة الدولية، مفهوم المنظمات المالية الدولية، أهم المنظمات المالية الدولية، مفاهيم حول ميزان المدفوعات،كيفيات معالجة الخلل في ميزان المدفوعات، عموميات حول التكامل الاقتصادي، أهم التكتلات الاقتصادية و الاتحاد العربي.
653 _aإدارة الاعمال
653 _aإدارة الأعمال الدولية
710 _aجامعة الجزائر3: كلية العلوم الإقتصادية، العلوم التجارية وعلوم التسيير
_eناشر علمي
942 _cHANDOUT
999 _c41424
_d41424